000 00390nam a22001457a 4500
005 20260205150500.0
008 260205b |||||||| |||| 00| 0 eng d
020 _a978-3-031-43117-3
100 _aLINCKE, SUSAN
245 _aINFORMATION SECURITY PLANNING
_bA PRACTICAL APPROACH
250 _a2ND ED
260 _aKENOSHA, USA
_bSPRINGER
_c2024
300 _aXXI, 445P.
942 _2lcc
_cBK
999 _c216561
_d216561